| 000 | 01230cam a2200313 i 4500 | ||
|---|---|---|---|
| 999 |
_c9488 _d9488 |
||
| 001 | 9488 | ||
| 003 | Mx-PuUPA | ||
| 005 | 20240410103449.0 | ||
| 008 | 140415s1976 mx d frf 001 0 spa d | ||
| 040 |
_aMx-PuUPA _bspa _cMx-PuUPA _dMx-PuUPA _erda |
||
| 041 | 1 |
_aspa _heng |
|
| 100 | 1 |
_aLipkin, Lawrence, _eautor _98732 |
|
| 240 | 1 | 0 |
_aAccountant's handbook of formulas and tables. _f1973. _lEspañol |
| 245 | 1 | 0 |
_aManual de fórmulas y tablas para el contador / _cLawrence Lipkin, Irwin K. Feinstein, Lucile Derrick ; traductor, Vicente F. Pardo |
| 250 | _a1a edición | ||
| 264 | 1 |
_aMéxico D. F. . _bDiana, _c1976 |
|
| 300 |
_a528 páginas : _bdiagramas, tablas ; _c24 cm. |
||
| 336 |
_2rdacontent _atexto _btxt |
||
| 337 |
_2rdamedia _asin medio _bn |
||
| 338 |
_2rdacarrier _avolumen _bnc |
||
| 650 | 1 | 4 |
_aContabilidad _xformulas _vmanuales |
| 700 | 1 |
_aFeinstein, Irwin K., _eautor |
|
| 700 | 1 |
_aDerrick, Lucile, _eautor |
|
| 700 | 1 |
_aPardo, Vicente F., _etraductor |
|
| 765 | 1 | 8 |
_aLipkin, Lawrence, _tAccountant's handbook of formulas and tables. _b2nd edition _dEnglewood Cliffs, N.J. : Prentice-Hall, 1973 _z0130012556 |
| 942 |
_2ddc _cLI _h657.0212 _iL764 |
||